01827nam a22003857a 4500003000500000005001700005008004100022010001100063011001100074035001100085040000900096090001000105100004200115245024100157260004000398500006000438502009900498590003700597590004100634590004100675590004100716590004100757590004100798590004200839650003200881650003300913856006400946901000701010942000901017949006301026949005801089999001901147952014001166952013501306CHAP20220329143930.0100912s2012 mx r 00010 spa d a103901 a104873 a115563 cCHAP aTesis1 aNavarrete Flores, Manuel Farit98050610aSistema agroforestal (Xochitla) para zonas urbanas :h[En línea]bDiseño de un jardín botánico de plantas medicinales para fitoterapia en la Delegación Iztapalapa, Distrito Federal, Méxicoc/por Manuel Farit Navarrete Flores aChapingo, Méx. :bEl autor,c2012 aPara ver el contenido del material haga clic en la liga aTesis (M.C. en Agroforestería para el Desarrollo Sostenible) -- UACH. Departamento de Suelos aALEPHb10c20130110lUCH01h1546 aBATCH-UPDb10c20130110lUCH01h1138 aBATCH-UPDb10c20130410lUCH01h0724 aBATCH-UPDb10c20130914lUCH01h0744 aBATCH-UPDb10c20140324lUCH01h1534 aBATCH-UPDb10c20141002lUCH01h0855 aCONVERSIONb10c20130109lUCH01h135714aBotánica médica.91468014aJardines botánicos.961162 3Finding aiduhttp://10.13.5.2/tesis/115563.pdfzTeclea aqui aBK cFOLL aTesisbBCcTESd33724002348033eTS2fc.2h54010i115563st aTesisbBCcTESd33724002348074eTS1h54009i115563st c103901d103901 00102local4053708TESISaBCbBCcPA_TESISd2019-12-31fTESISl0oTesisp33724002348033r2019-12-31 00:00:00tc.2w2019-12-31yTESIS 00102local4051708TESISaBCbBCcPA_TESISd2019-12-31fTESISl0oTesisp33724002348074r2019-12-31 00:00:00w2019-12-31yTESIS